| 000 | 01320nam a22003617a 4500 | ||
|---|---|---|---|
| 003 | CHAP | ||
| 005 | 20220329135325.0 | ||
| 008 | 971013s1955 r 00010 d | ||
| 010 | _a34426 | ||
| 011 | _a35398 | ||
| 035 | _a39514 | ||
| 040 | _cCHAP | ||
| 082 |
_a333.09724 _bF32 |
||
| 100 | 0 | 0 |
_aFabila, Gilberto. _939276 |
| 245 |
_aTlaxcala _b: tenencia y aprovechamiento de la tierra |
||
| 260 |
_aMéxico : _bCentro de Investigaciones Agrarias, _c1955 |
||
| 300 |
_a136 p. _b: ilus. |
||
| 590 |
_aBATCH-UPD _b10 _c20130110 _lUCH01 _h1036 |
||
| 590 |
_aBATCH-UPD _b10 _c20130410 _lUCH01 _h0637 |
||
| 590 |
_aBATCH-UPD _b10 _c20130914 _lUCH01 _h0000 |
||
| 590 |
_aCONVERSION _b10 _c20130109 _lUCH01 _h1319 |
||
| 650 | 1 | 4 |
_aAgricultura _zTlaxcala. _91939 |
| 650 | 1 | 4 |
_aTierras _xTenencia _xTlaxcala. _9113205 |
| 700 | 0 |
_aSoberón Martínez, Oscar. _9108017 |
|
| 711 | 0 |
_aMesa Andraca, Manuel. _975051 |
|
| 901 | _aBK | ||
| 942 | _cLIBRO | ||
| 949 |
_a333.09724 F32 _bBC _cLIBRO _d33724000328076 _eLIBRO _i39514 _si |
||
| 949 |
_a333.09724 F32 _bBC _cLIBRO _d33724000328241 _eLIBRO _fc.2 _i39514 _si |
||
| 949 |
_a333.09724 F32 _bBC _cLIBRO _d33724000328449 _eLIBRO _fc.4 _i39514 _si |
||
| 949 |
_a333.09724 F32 _bBC _cLIBRO _d33724000328456 _eLIBRO _fc.3 _i39514 _si |
||
| 949 |
_a333.09724 F32 _bBC _cLIBRO _d33724000328464 _eLIBRO _fc.5 _i39514 _si |
||
| 999 |
_c34426 _d34426 |
||